| 000 | 00706nam a2200229 a 4500 | ||
|---|---|---|---|
| 001 | 12770 | ||
| 003 | BD-JhCC | ||
| 005 | 20230511085328.0 | ||
| 008 | 230511s1997 nyu |||| |||| 000 0 eng d | ||
| 020 | _a1565642643 | ||
| 035 | _a(BD-JhCC)12770 | ||
| 040 |
_aBD-JhCC _dBD-JhCC |
||
| 041 | _aeng | ||
| 082 |
_a297.26 _bALB 1997 |
||
| 100 | _aAl-Barzinji, Suhaib Jamal | ||
| 245 |
_aWorking principles for and Islamic model in mass media communication / _bSuhaib Jamal Al-Barzinji |
||
| 260 |
_aUnited State : _bInternational Institue of Islamic Thought, _c1997 |
||
| 300 |
_aviii, 99 p. : _c21 cm. |
||
| 650 |
_aMass Media _vReligious aspects _xIslam |
||
| 650 | _aIslam in mass media | ||
| 942 |
_2ddc _cBK |
||
| 999 |
_c12770 _d12770 |
||